000
00418nam a2200133Ia 4500
008
100328s9999 xx 000 0 und d
082
_b
69270
100
_a
खांडेकर राजीव.
245
_a
हार्ट टू हार्ट.
260
_b
नवचैतन्य.
630
_a
हार्ट टू हार्ट.
730
_a
हार्ट टू हार्ट.
942
_c
BOOK
999
_c
555002
_d
554999